Snowrunner Official Vehicles (Hard Version) - Statistics

General Stats
  • This quiz has been taken 35 times
    32 since last reset
  • The average score is 252 of 342
Answer Stats
% Correct
Azov
100%
International
100%
Chevrolet
92%
Build & Dispatch | Explore & Expand | Fix & Connect | +7 others Heavy
92%
none | standalone Heavy Duty
92%
Build & Dispatch | Compete & Conquer | Explore & Expand | +7 others Offroad
92%
Russia
92%
Compete & Conquer | Explore & Expand | Lights & Cameras | +4 others Scout
92%
USA
92%
ZiKZ
92%
ZikZ
92%
GMC
85%
none | standalone Highway
85%
Tatra
85%
TUZ
85%
Western Star
85%
White Western Star
85%
64131
77%
73210
77%
Caterpillar
77%
CK1500
77%
Ford
77%
Kenworth
77%
P12
77%
P16
77%
Pacific
77%
PHOENIX
77%
Rezvani
77%
UK
77%
963
69%
Burlak
69%
F 750
69%
Freightliner
69%
Jeep
69%
K-700
69%
KHAN
69%
Kirovets
69%
KOLOB
69%
MK38
69%
MK38 CIVILIAN
69%
P512 PF
69%
Scout 800
69%
Step
69%
Voron
69%
310E
62%
42-20 Antarctic
62%
605R
62%
6900 Twinsteer
62%
ANK
62%
Aramatsu
62%
BOAR
62%
DON
62%
Forester
62%
Grad
62%
Hercules 6x6
62%
K-7M
62%
Kodiak C70
62%
Land Rover
62%
Neo Falcon
62%
Paystar 5070
62%
Paystar 5600TS
62%
Ukraine
62%
2000
54%
317 Sentinel
54%
39 Marshall
54%
612H
54%
6x6
54%
71
54%
745C
54%
805
54%
Apache
54%
Belarus
54%
Brigadier 8000
54%
Czechoslovakia
54%
Czech Republic
54%
Defender 110
54%
Defender 90
54%
India
54%
MH9500
54%
Navistar
54%
T813
54%
Tayga
54%
TH357
54%
USSR
54%
3194
46%
420 "Tatarin"
46%
47X NF 1424
46%
47X NF 1430
46%
5319
46%
57X
46%
6455B
46%
770G
46%
BM17
46%
CT680
46%
CT681
46%
DAN
46%
Derry Longhorn
46%
FORCE T815-7
46%
Gor
46%
HX 520
46%
KRS
46%
Lo4F
46%
Mack Defense
46%
Royal
46%
Wrangler
46%
108 "Warthog"
38%
114SD
38%
166
38%
16 "Actaeon"
38%
4520
38%
45318
38%
4964
38%
49X
38%
5368
38%
566A
38%
58 "Bandit"
38%
6436
38%
96320
38%
BY-4
38%
CLT9000
38%
Fleetstar F2070A
38%
M916A1
38%
Transtar 4070A
38%
YAR
38%
33-64 "Crocodile"
31%
39331 "Pike"
31%
43-191 "Sprinter"
31%
5000-MV
31%
74760
31%
74941
31%
87
31%
AE-4380
31%
D-53233
31%
Derry Special
31%
15C-177
23%
CJ7 Renegade
23%
H2
23%
Hummer
23%
Loadstar 1700
23%
M917
23%
No matching quizzes found
Score Distribution
Percent of People with Each Score
Percentile by Number Answered
Your Score History
You have not taken this quiz since the last reset